000 00655nam a2200253Ia 4500
005 20260121160818.0
008 008 260114s9999 xx 000 0 eng d
020 _a9781315643755
037 _aEBOOK
040 _aCRL
040 _beng
040 _cCRL
041 _2eng
041 _aeng
084 _qCRL
100 _a Giuseppe Freni; Heinz D. Kurz; Andrea Mario Lavezzi; Rodolfo Signorino
_91036623
245 0 _aEconomic Theory and its History
260 _bTaylor and Francis
260 _c2016
856 _uhttp://www.taylorfrancis.com/books/9781315643755
942 _cEBOOK
999 _c1603439
_d1603439